| 000 | 00370nam a2200121Ia 4500 | ||
|---|---|---|---|
| 008 | 220615s9999||||xx |||||||||||||| ||und|| | ||
| 100 | _aBrands, Hal||Gavin, Francis J. | ||
| 245 | 0 | _aCOVID-19 and World Order | |
| 546 | _aEnglish[eng] | ||
| 650 | _aCOVID-19||Public Health||Public Policy||Globalization||Pandemic | ||
| 856 | _uhttps://muse.jhu.edu/book/77593 | ||
| 942 | _cEB | ||
| 999 |
_c7447 _d7447 |
||